Проблемы малого и среднего предпринимательства на пути формирования национальной инновационной системы; Энергия молодых - экономике России; Ч. 1

Bibliographische Detailangaben
Parent link:Энергия молодых - экономике России: труды IX Международной научно-практической конференции студентов и молодых ученых, г. Томск, 19-22 мая 2008 г./ Томский политехнический университет (ТПУ) ; Вольное экономическое общество России ; Международный союз экономистов (МСЭ).— , 2008
Ч. 1.— 2008.— С. 288-290
1. Verfasser: Стреляева А. Е. Анна Евгеньевна
Sprache:Russisch
Veröffentlicht: 2008
Schlagworte:
Format: Buchkapitel
KOHA link:https://koha.lib.tpu.ru/cgi-bin/koha/opac-detail.pl?biblionumber=158806

MARC

LEADER 00000naa2a2200000 4500
001 158806
005 20231031154734.0
035 |a (RuTPU)RU\TPU\book\172231 
090 |a 158806 
100 |a 20090428d2008 k y0rusy50 ca 
101 0 |a rus 
102 |a RU 
200 1 |a Проблемы малого и среднего предпринимательства на пути формирования национальной инновационной системы  |f А. Е. Стреляева 
320 |a Библиогр.: 4 назв. 
461 1 |0 (RuTPU)RU\TPU\book\166087  |t Энергия молодых - экономике России  |o труды IX Международной научно-практической конференции студентов и молодых ученых, г. Томск, 19-22 мая 2008 г.  |f Томский политехнический университет (ТПУ) ; Вольное экономическое общество России ; Международный союз экономистов (МСЭ)  |d 2008 
463 0 |0 (RuTPU)RU\TPU\book\164801  |t Ч. 1  |v С. 288-290  |d 2008 
610 1 |a предпринимательство 
610 1 |a малый бизнес 
610 1 |a средний бизнес 
610 1 |a инновационная система 
610 1 |a национальная инновационная система 
610 1 |a рыночная экономика 
610 1 |a венчурный капитал 
610 1 |a инвестиции 
610 1 |a труды учёных ТПУ 
700 1 |a Стреляева  |b А. Е.  |c российский учёный-социолог  |c старший преподаватель Томского политехнического университета  |f 1975-  |g Анна Евгеньевна  |2 stltpush  |3 (RuTPU)RU\TPU\pers\26990 
801 1 |a RU  |b 63413507  |c 20090428  |g PSBO 
801 2 |a RU  |b 63413507  |c 20161121  |g RCR 
942 |c BK